000 00429nam a2200157Ia 4500
008 240729s9999 xx 000 0 und d
022 _a1473-2300
245 0 _aJournal of International Medical Research
260 _aUnited Kingdom
260 _bSAGE Publishing
650 _a Medicine (General)
650 _aMedicine
856 _uhttps://doaj.org/toc/f14420cfbe954e9d9b5dd6d8589468f2
942 _2ddc
942 _cDOAJEJ
999 _c67711
_d67711
945 _a1
_bMadushi Gamage
_c1
_dMadushi Gamage